Sand Kings of Oman (Record no. 1084)
[ view plain ]
| 000 -LEADER | |
|---|---|
| fixed length control field | 00580nam a2200241 a 4500 |
| 020 ## - INTERNATIONAL STANDARD BOOK NUMBER | |
| ISBN | |
| 082 00 - DEWEY DECIMAL CLASSIFICATION NUMBER | |
| Classification number | 915.35 |
| Author Cutter | OSH |
| 100 ## - MAIN ENTRY--AUTHOR NAME | |
| Author name | O`Shea, Raymond |
| 245 ## - TITLE STATEMENT | |
| Title | Sand Kings of Oman |
| 260 ## - PUBLICATION, DISTRIBUTION, ETC. (IMPRINT) | |
| Place of publication | London |
| Name of publisher | Methuen and Company |
| Year of publication | 1947 |
| 300 ## - PHYSICAL DESCRIPTION | |
| Number of Pages | 209p |
| 500 ## - GENERAL NOTE | |
| General note | includes index and biblioraphy |
| 505 2# - FORMATTED CONTENTS NOTE | |
| Formatted contents note | Index |
| 650 ## - SUBJECT ADDED ENTRY--TOPICAL TERM | |
| Topical Term | Oman-Description and Travel |
| 942 ## - ADDED ENTRY ELEMENTS (KOHA) | |
| Koha item type | Books |
| 700 1# - | |
| -- | O`Shea, Raymond |
| Collection code | Home library | Current library | Date acquired | Cost, normal purchase price | Full call number | Accession Number | Koha item type |
|---|---|---|---|---|---|---|---|
| Henry Martyn Institute Library | Henry Martyn Institute Library | 06/05/2007 | 844.20 | 915.35 OSH | 01023 | Books |
